[Event "43rd Hoogovens it"]
[Site "Wijk aan Zee NED"]
[Date "1981.01.20"]
[Round "4"]
[White "Torre, Eugenio"]
[Black "Unzicker, Wolfgang"]
[Result "0-1"]
[WhiteElo "2550"]
[BlackElo "2515"]
[EventDate "1981.01.16"]
[PlyCount "52"]

1. d4 Nf6 2. c4 e6 3. Nc3 Bb4 4. e3 O-O 5. Nge2 d5 6. a3 Be7 7. cxd5 exd5 8. g3 Nbd7 9. Bg2 c6 10. O-O Re8 11. h3 Nf8 12. b4 a6 13. Nf4 Ng6 14. Nxg6 hxg6 15. g4 Bd6 16. f3 a5 17. Rb1 axb4 18. axb4 Bc7 19. Qc2 Qd6 20. Ne2 Bxg4 21. Qc5 Qh2+ 22. Kf2 Bxh3 23. Rg1 Ra2 24. Rb2 Rxb2 25. Bxb2 Bxg2 26. Rxg2 Qh4+ 0-1

[Event "43rd Hoogovens it"]
[Site "Wijk aan Zee NED"]
[Date "1981.01.28"]
[Round "10"]
[White "Miles, Anthony John"]
[Black "Ree, Hans"]
[Result "0-1"]
[WhiteElo "2590"]
[BlackElo "2485"]
[EventDate "1981.01.16"]
[PlyCount "139"]

1. d4 d5 2. c4 c6 3. Nf3 Nf6 4. Nc3 e6 5. e3 Nbd7 6. Qc2 Bd6 7. b3 O-O 8. Be2 dxc4 9. bxc4 e5 10. O-O Re8 11. Bb2 exd4 12. exd4 Nf8 13. d5 Ng6 14. Rad1 cxd5 15. Nxd5 Nxd5 16. cxd5 Bd7 17. Ba1 Nf4 18. Bc4 Rc8 19. Qb2 f6 20. Qb3 Qa5 21. Rd4 b5 22. Bd3 Ne2+ 23. Bxe2 Rxe2 24. a4 bxa4 25. Qd1 Rec2 26. Qd3 Rc1 27. Rd1 Rxd1+ 28. Qxd1 Ba3 29. Qe2 Rc1+ 30. Rd1 Qxd5 31. Rxc1 Bxc1 32. h3 a3 33. Nd4 Bf4 34. Qa6 Qa2 35. Qf1 Be5 36. f4 Bxf4 37. Qxf4 Qxa1+ 38. Kh2 Qb2 39. Qd6 a2 40. Qd5+ Kf8 41. Qd6+ Ke8 42. Nc6 Bxc6 43. Qxc6+ Ke7 44. Qc7+ Ke6 45. Qc6+ Ke5 46. Qc5+ Ke4 47. Qc6+ Ke3 48. Qc5+ Ke2 49. Qc4+ Ke1 50. Qe4+ Qe2 51. Qb4+ Qd2 52. Qe4+ Kd1 53. Qa4+ Kc1 54. Qa3+ Kb1 55. Qb3+ Ka1 56. Qa3 a5 57. Qb3 Qd6+ 58. Kh1 Qb4 59. Qe3 a4 60. Kh2 Kb2 61. Qe2+ Ka3 62. Qd3+ Qb3 63. Qd6+ Kb2 64. Qd2+ Kb1 65. Qe1+ Kc2 66. Qe2+ Kc3 67. Qe3+ Kb4 68. Qe4+ Kc5 69. Qe7+ Kd4 70. Qd6+ 0-1

[Event "43rd Hoogovens it"]
[Site "Wijk aan Zee NED"]
[Date "1981.01.29"]
[Round "11"]
[White "Timman, Jan"]
[Black "Browne, Walter Shawn"]
[Result "1/2-1/2"]
[WhiteElo "2620"]
[BlackElo "2555"]
[EventDate "1981.01.16"]
[PlyCount "98"]

1. d4 Nf6 2. c4 e6 3. Nf3 b6 4. g3 Ba6 5. Qb3 d5 6. cxd5 Qxd5 7. Qc2 Nc6 8. Nc3 Bb4 9. Bd2 Bxc3 10. Bxc3 Ne4 11. Bg2 f5 12. Nd2 Rd8 13. Nxe4 fxe4 14. Rd1 Qxa2 15. Bxe4 Qc4 16. d5 Nb4 17. Bxb4 Qxb4+ 18. Kf1 Qc4 19. Bxh7 Qxe2+ 20. Kg2 Qxc2 21. Bxc2 Bb7 22. Ba4+ Ke7 23. Bc6 Bxc6 24. dxc6 Rd6 25. Rc1 Rh5 26. Rc4 Rd2 27. b4 Rf5 28. Rf1 Rb2 29. h4 Rb5 30. Rd1 R2xb4 31. Rd7+ Kf6 32. Rxb4 Rxb4 33. Rxc7 Rc4 34. Rc8 a5 35. c7 Kf7 36. h5 a4 37. h6 Kg6 38. Re8 Rxc7 39. Rxe6+ Kh7 40. Rxb6 Ra7 41. hxg7 Kxg7 42. Rb2 a3 43. Ra2 Kf6 44. Kf3 Kf5 45. Ke3 Kg4 46. Kd4 Kf3 47. Kc5 Ra4 48. Kd5 Rg4 49. Ke5 Ra4 1/2-1/2

[Event "43rd Hoogovens it"]
[Site "Wijk aan Zee NED"]
[Date "1981.01.30"]
[Round "12"]
[White "Miles, Anthony John"]
[Black "Timman, Jan"]
[Result "0-1"]
[WhiteElo "2590"]
[BlackElo "2620"]
[EventDate "1981.01.16"]
[PlyCount "94"]

1. Nf3 Nf6 2. c4 b6 3. d4 e6 4. Nc3 Bb4 5. Qc2 Bb7 6. a3 Bxc3+ 7. Qxc3 d6 8. b4 Nbd7 9. Bb2 Ne4 10. Qc2 Ndf6 11. h3 Nh5 12. e3 f5 13. Be2 O-O 14. O-O Nhf6 15. Rad1 Qe8 16. d5 e5 17. c5 bxc5 18. bxc5 Bxd5 19. cxd6 cxd6 20. Rxd5 Nxd5 21. Bc4 Qc6 22. Qd3 Nef6 23. Rd1 e4 24. Nd4 exd3 25. Nxc6 Kh8 26. Bxd3 Rfc8 27. Nb4 Nc3 28. Rc1 Na4 29. Rxc8+ Rxc8 30. Bxf6 gxf6 31. Bxf5 Rc3 32. Nc2 Nb2 33. Kf1 Nc4 34. a4 Nb2 35. a5 Rc5 36. g4 Rxa5 37. Ke2 Rc5 38. Nb4 a5 39. Na2 h5 40. Kd2 Nc4+ 41. Kd3 Ne5+ 42. Kd2 Nf3+ 43. Kd3 a4 44. Be6 Ng5 45. Bd7 Nxh3 46. gxh5 Nxf2+ 47. Kd4 Rxh5 0-1